00459 2200169 4500001002100000008004100021035002000062245008000082100002000162250000600182260004200188300001200230084001400242082000800256650001300264990001200277INLIS000000000000750 ind  a0010-0424000726 aSoal dan Pembahasan Olimpiade Sains Fisika Tingkat ProvinsicDavit Sipayung aSipayung, Davit a1 aJakarta :bBina Prestasi Insanic2018 a265 hlm a530 DAV f a530 aNonfiksi a0739641